00336 2200145 4500001002100000005001500021035002000036245003700056300000800093260004500101082000800146084001200154990001200166990001200178INLIS00000000000238320250528115101 a0010-0525000675 aRobohnya Surau Kami /cAA. Navis a142 aJakarta :bGramedia Pustaka Utama,c2009 a813 a813 ROB a0713409 a0713410